Statistics for Countries with Two Borders

Click here to take the quiz!

General Stats

  • This quiz has been taken 70,916 times
    (70,856 since last reset)
  • The average score is 21 of 27

Answer Stats

BordersCountry% Correct
Canada & MexicoUnited States
98%
China & IndiaNepal
91%
Finland & NorwaySweden
91%
China & RussiaMongolia
90%
Latvia & RussiaEstonia
86%
France & SpainAndorra
86%
Myanmar & IndiaBangladesh
85%
Nicaragua & PanamaCosta Rica
84%
Colombia & PeruEcuador
84%
Belgium & GermanyNetherlands
81%
Guatemala & HondurasEl Salvador
80%
Colombia & Costa RicaPanama
80%
Guatemala & MexicoBelize
79%
Austria & SwitzerlandLiechtenstein
79%
China & IndiaBhutan
79%
Israel & SyriaLebanon
79%
Oman & Saudi ArabiaYemen
77%
Costa Rica & HondurasNicaragua
75%
Argentina & BrazilUruguay
75%
Iraq & Saudi ArabiaKuwait
74%
Algeria & LibyaTunisia
70%
Oman & Saudi ArabiaUnited Arab Emirates
69%
Mozambique & South AfricaEswatini
65%
Romania & UkraineMoldova
65%
Cameroon & GabonEquatorial Guinea
56%
Guinea & SenegalGuinea-Bissau
55%
Guinea & LiberiaSierra Leone
53%

Score Distribution

Percentile by Number Answered

Percent of People with Each Score

Your Score History

You have not taken this quiz since the last reset